| 000 | 01591cam a22004217a 4500 | ||
|---|---|---|---|
| 003 | CHAP | ||
| 005 | 20220329142255.0 | ||
| 008 | 000426d1998 mx a r 00010 spa d | ||
| 010 | _a80900 | ||
| 011 | _a81872 | ||
| 020 | _a9684963459 | ||
| 035 | _a92354 | ||
| 040 | _cCHAP | ||
| 082 | 0 | 4 |
_a628.1 _bS83 |
| 100 | 0 | 0 |
_aSuárez Cortez, Blanca Estela _ecoord. _9110679 |
| 245 | 1 | 0 |
_aHistoria de los usos del agua en México : oligarquías, empresas y ayuntamientos (1840-1940) _c/coord. por Blanca Estela Suárez Cortes |
| 260 |
_aMéxico, D. F. : _bComisión Nacional del Agua, _c1998. |
||
| 300 |
_a307 p. : _bilus. |
||
| 410 | _aComisión Nacional del Agua | ||
| 490 | 0 | _aBiblioteca del agua | |
| 590 |
_aBATCH-UPD _b10 _c20130110 _lUCH01 _h0602 |
||
| 590 |
_aBATCH-UPD _b10 _c20130110 _lUCH01 _h2311 |
||
| 590 |
_aBATCH-UPD _b10 _c20130410 _lUCH01 _h0244 |
||
| 590 |
_aBATCH-UPD _b10 _c20130410 _lUCH01 _h1648 |
||
| 590 |
_aBATCH-UPD _b10 _c20130914 _lUCH01 _h0619 |
||
| 590 |
_aBATCH-UPD _b10 _c20130914 _lUCH01 _h2150 |
||
| 590 |
_aCONVERSION _b10 _c20130109 _lUCH01 _h1345 |
||
| 650 | 1 | 4 |
_aAgua _xAbastecimiento _xMexico (Edo.) _92252 |
| 650 | 1 | 4 |
_aAgua _xAbastecimiento _xMexico. _92249 |
| 650 | 1 | 4 |
_aAgua _xAbastecimiento _xQueretaro. _92260 |
| 810 | 0 | 0 |
_aComisión Nacional del Agua _925804 |
| 830 | 0 | 0 |
_aBiblioteca del agua _912355 |
| 901 | _aBK | ||
| 905 | _aBlanca M. García O. | ||
| 942 | _cLIBRO | ||
| 949 |
_a628.1 S83 _bBC _cLIBRO _d33724000772539 _eLIBRO _gI. C/e _h97857 _i92354 _si _t$60.00 |
||
| 949 |
_a628.1 S83 _bBC _cLIBRO _d33724000774964 _eLIBRO _fc.2 _gI. C/E _h98268 _i92354 _si _t$60.00 |
||
| 999 |
_c80900 _d80900 |
||